000 00944nam a2200301 a 4500
001 47021
003 BD-RjUL
005 20211209054240.0
008 160 r20082007cau b 001 0 eng d
020 _a0761948910
020 _a9780761948919
020 _a9780761948926 (pbk.)
020 _a0761948929 (pbk.)
035 _a(BD-RjUL)47140
040 _aUKM
_cUKM
_dBAKER
_dBWKUK
_dCtY
_dDLC
_dBD-RjUL
_beng
041 _aeng
082 0 4 _a306.6
_223
_bDAS 2008
100 1 _aDavie, Grace.
_9143208
245 1 4 _aThe sociology of religion /
_cGrace Davie.
260 _aNew Delhi :
_bSAGE Publications India pvt Ltd.,
_cc2007 [2008]
300 _axi, 283 p. ;
_c25 cm.
490 1 _aBSA new horizons in sociology
504 _aIncludes bibliographical references (p. [257]-275) and index.
650 0 _aReligion and sociology.
_9125120
830 0 _aNew horizons in sociology.
_9143210
942 _2ddc
_cBK
999 _c47021
_d47021